000 01538nam a2200313 i 4500
003 EG-ScBUE
005 20250522134903.0
008 090625t2007 njua f b 101 0 eng d
020 _a9789812703934
020 _a9782703934
040 _aEG-ScBUE
_beng
_erda
_cEG-ScBUE
_dEG-ScBUE
082 0 4 _222
_a532.05
_bFRO
111 _96958
_aCOSNet/CSIRO Workshop on Turbulence and Coherent Structures in Fluids, Plasmas and Nonlinear Media
_d(2006 :
_cAustralian National University)
245 _aFrontiers in turbulence and coherent structures :
_bproceedings of the COSNet/CSIRO Workshop on Turbulence and Coherent Structures in Fluids, Plasmas and Nonlinear Media, the Australian National University, Canberra, Australia, 10-13 January 2006 /
_ceditors Jim Denier, the University of Adelaide, Australia, Jorgen S. Frederiksen, CSIRO Marine and Atmospheric Research, Australia.
264 1 _aHackensack, New Jersey :
_bWorld Scientific,
_c[2007]
264 4 _cc2007
300 _axi, 490 pages :
_billustrations (some color) ;
_c24 cm.
336 _2rdacontent
_atext
_btxt
337 _aunmediated
_2rdamedia
_bn
338 _avolume
_bnc
_2rdacarrier
490 0 _aWorld scienific lecture notes in complex systems ;
_vvolume 6
504 _aIncludes bibliographical references and index.
650 7 _93540
_aTurbulence
_vCongresses.
_2BUEsh
650 7 _96953
_aCoherent structures
_vCongresses.
_2BUEsh
655 _vReading book
700 1 _aDenier, J. P.,
_eeditor.
700 1 _aFrederiksen, Jorgen S.,
_eeditor.
942 _2ddc
_cBB
999 _c12038
_d12038